Обучение иноязычной диалогической форме общения в старших классах школ с углублённым изучением иностранного языка; Коммуникативные аспекты языка и культуры

Bibliographische Detailangaben
Parent link:Коммуникативные аспекты языка и культуры.— 2002.— С. 172-173.
1. Verfasser: Шакирова Л. Р.
Sprache:Russisch
Veröffentlicht: 2002
Schlagworte:
Format: MixedMaterials Buchkapitel
KOHA link:https://koha.lib.tpu.ru/cgi-bin/koha/opac-detail.pl?biblionumber=85956

MARC

LEADER 00000naa2a2200000 4500
001 85956
005 20231031101344.0
035 |a (RuTPU)RU\TPU\book\92335 
090 |a 85956 
100 |a 20051121d2002 k y0rusy50 ca 
101 0 |a rus 
102 |a RU 
200 1 |a Обучение иноязычной диалогической форме общения в старших классах школ с углублённым изучением иностранного языка  |f Л. Р. Шакирова 
320 |a Библиогр.: 3 назв. 
463 0 |0 (RuTPU)RU\TPU\book\60261  |t Коммуникативные аспекты языка и культуры  |o Сборник научных статей и тезисов II Межвузовской научно-практической конференции студентов, аспирантов и молодых ученых, Томск   |f Томский политехнический университет; Институт языковой коммуникации; Под ред. Н. А. Качалова  |v С. 172-173.  |d 2002  |p 407 с. 
610 1 |a иностранные языки 
610 1 |a обучение 
610 1 |a общение 
610 1 |a диалоги 
610 1 |a школьники 
610 1 |a углублённое изучение 
610 1 |a труды учёных ТПУ 
700 1 |a Шакирова  |b Л. Р. 
801 1 |a RU  |b 63413507  |c 20051121  |g PSBO 
942 |c BK